|
|
|
|
| LEADER |
00000nas a22000007a 4500 |
| 001 |
arbauadP000024 |
| 003 |
AR-BaUAD |
| 005 |
20250513181901.0 |
| 008 |
250513s19731992ag ar r 0 |b0spa d |
| 022 |
|
|
|a 0325-7614
|
| 040 |
|
|
|a AR-BaUAD
|b spa
|c AR-BaUAD
|
| 041 |
|
|
|a spa
|
| 044 |
|
|
|a ag
|
| 080 |
|
|
|a 7
|x (82)
|
| 245 |
|
|
|a Anuario - Academia Nacional de Bellas Artes.
|
| 260 |
|
|
|a Buenos Aires :
|b Academia Nacional de Bellas Artes,
|c 1973-1992.
|
| 300 |
|
|
|a v. :
|b il. ;
|c 30 cm.
|
| 655 |
|
|
|a PUBLICACIONES PERIODICAS
|
| 710 |
2 |
|
|a Academia Nacional de Bellas Artes (Argentina)
|
| 942 |
|
|
|2 udc
|n 0
|c CR
|
| 990 |
|
|
|a MJO
|b OP
|
| 998 |
|
|
|a AAQ
|b Koha2024P
|
| 999 |
|
|
|c 24010
|d 24010
|